[Event "3rd Kolkata GM Open 2018"]
[Site "Kolkata IND"]
[Date "2018.05.17"]
[Round "4.12"]
[White "Shyam, Sundar M."]
[Black "Koustav, Chatterjee"]
[Result "1/2-1/2"]
[WhiteTitle "GM"]
[WhiteElo "2518"]
[BlackElo "2364"]
[WhiteFideId "5019141"]
[BlackFideId "25073060"]
[EventDate "2018.05.14"]

1. e4 c5 2. Nf3 d6 3. d4 cxd4 4. Nxd4 Nf6 5. Nc3 a6 6. Be3 Ng4 7. Bg5 h6 8. Bc1
Nf6 9. f3 e5 10. Nb3 Be6 11. Be3 Nbd7 12. Qd2 Be7 13. O-O-O b5 14. Nd5 Bxd5 15.
exd5 Nb6 16. Bxb6 Qxb6 17. Kb1 O-O 18. g4 a5 19. a3 Rfc8 20. h4 Rc7 21. g5 Nh5
22. Bd3 b4 23. a4 Rac8 24. Bf5 Rd8 25. Bg4 Nf4 26. gxh6 gxh6 27. Bf5 Kh8 28.
Rdg1 h5 29. Rg3 Bf6 30. Be4 Rcc8 1/2-1/2

[Event "3rd Kolkata GM Open 2018"]
[Site "Kolkata IND"]
[Date "2018.05.17"]
[Round "4.13"]
[White "Tran, Tuan Minh"]
[Black "Suvrajit, Saha"]
[Result "1/2-1/2"]
[WhiteTitle "GM"]
[BlackTitle "IM"]
[WhiteElo "2512"]
[BlackElo "2217"]
[WhiteFideId "12401820"]
[BlackFideId "5002532"]
[EventDate "2018.05.14"]

1. d4 e6 2. c4 Nf6 3. Nc3 Bb4 4. e3 O-O 5. Bd3 d5 6. a3 dxc4 7. Bxc4 Be7 8. Nf3
c5 9. O-O a6 10. Ne5 b5 11. Qf3 Ra7 12. Bd3 Rc7 13. Rd1 Bb7 14. Qh3 Nbd7 15. Ng4
c4 16. Bc2 Qa8 17. f3 Rd8 18. Kh1 Rcc8 19. Nxf6+ Nxf6 20. e4 Nd7 21. Be3 e5 22.
Rd2 exd4 23. Rxd4 Nc5 24. Rad1 Rxd4 25. Bxd4 Rd8 26. e5 g6 27. e6 f6 28. Qg4 Kg7
29. h4 Qc8 30. Bf5 Nd3 31. Bxd3 cxd3 32. Rxd3 Qc4 33. Rd1 Bc8 34. Qf4 Qxe6 35.
Ne4 Rd7 36. h5 Qf5 37. h6+ Kf7 38. Qb8 Bb7 39. Re1 Qh5+ 40. Kg1 Qh4 41. Bf2 Qxh6
42. Nc5 Bc6 43. Nxd7 Bxd7 44. Qb7 Qd2 45. Qe4 Bd6 46. Bd4 Kg7 47. Qh4 g5 48. Qf2
Qf4 49. b4 Qh2+ 50. Kf1 Bf5 51. Rd1 Be6 52. Ke2 Bg3 53. Qg1 Qh4 54. Kd3 Qf4 55.
Qe3 Bf5+ 56. Ke2 Qxe3+ 57. Bxe3 Be6 58. Bf2 Be5 59. Bd4 Bf4 60. Kf2 h5 61. Bc5
Bc7 62. Bd6 Bb6+ 63. Bc5 Bc7 64. Rc1 Be5 65. Be3 Bc4 66. Rd1 Be6 67. Rd8 Bb2 68.
Rd6 Kf7 69. Rxa6 Bb3 70. Rd6 Bc4 71. Bd4 Ke7 72. Bc5 Kf7 73. Ra6 Bb3 74. Ra5 Ba4
75. Ra7+ Ke6 76. Re7+ Kd5 77. Re3 h4 78. Rd3+ Kc4 79. Ke2 Bb3 80. Be7 Be5 81.
Rd8 Kc3 82. Rf8 Bc4+ 83. Kf2 Bd4+ 84. Ke1 Kb3 85. Bxf6 Be3 86. Ra8 Bf4 87. Kf2
Bg3+ 88. Kg1 Bf4 89. Be7 Be3+ 90. Kh1 Bf4 91. Ra6 Bd3 92. Rc6 Bc4 93. Ra6 Bd5
94. Rg6 Kxa3 95. Bxg5 Bg3 96. Be7 Be1 97. Kh2 Bxb4 98. Bxb4+ Kxb4 99. Kh3 Kc3
100. Kxh4 b4 101. Rd6 Bc4 102. f4 b3 103. f5 b2 104. Rd1 Kc2 105. Re1 Kd2 106.
Rg1 Be2 107. f6 Bd1 108. f7 b1=Q 109. f8=Q Qh7+ 110. Kg5 Qh5+ 111. Kf6 Qh4+ 112.
Ke6 Bb3+ 113. Ke5 Qg5+ 114. Kd6 Qd5+ 115. Kc7 Qa5+ 116. Kd7 Qa7+ 117. Kd8 Qb6+
118. Ke7 Qc5+ 119. Ke8 Qc6+ 120. Ke7 Qc5+ 121. Ke8 Qxg1 122. Qb4+ Kc2 123. Qe4+
Kb2 124. Qe5+ Ka3 125. Qd6+ Ka4 126. g3 Bc4 127. Kf8 Qf2+ 128. Qf4 Qc5+ 129. Kg7
Qe7+ 130. Kh6 Qe6+ 131. Kg5 Qg8+ 132. Kh4 Qh7+ 133. Kg5 Qg7+ 134. Kh4 Qe7+ 135.
Kh3 Kb3 136. g4 Bd5 137. Kg3 Qe1+ 138. Qf2 Qc3+ 139. Kh4 Qh8+ 140. Kg3 Qe5+ 141.
Kh4 1/2-1/2

[Event "3rd Kolkata GM Open 2018"]
[Site "Kolkata IND"]
[Date "2018.05.17"]
[Round "4.14"]
[White "Roy Chowdhury, Saptarshi"]
[Black "Rahman, Ziaur"]
[Result "0-1"]
[WhiteTitle "GM"]
[BlackTitle "GM"]
[WhiteElo "2338"]
[BlackElo "2495"]
[WhiteFideId "5002974"]
[BlackFideId "10200037"]
[EventDate "2018.05.14"]

1. e4 c5 2. Nf3 d6 3. d3 Nc6 4. g3 g6 5. Bg2 Bg7 6. O-O e5 7. c3 Nge7 8. a3 O-O
9. b4 b6 10. Nbd2 h6 11. Re1 Be6 12. Bb2 Rc8 13. b5 Na5 14. d4 c4 15. Rc1 Qd7
16. a4 g5 17. dxe5 dxe5 18. Nf1 Rfd8 19. Qxd7 Rxd7 20. Rcd1 Rxd1 21. Rxd1 Ng6
22. Ba3 Nb3 23. Ne3 Bf8 24. Bxf8 Kxf8 25. Bf1 Nc5 26. Nd2 Nxa4 27. Rc1 Rc5 28.
Nexc4 Rxb5 29. Ra1 Nxc3 30. Rxa7 Rb4 31. Rc7 0-1

[Event "3rd Kolkata GM Open 2018"]
[Site "Kolkata IND"]
[Date "2018.05.17"]
[Round "4.15"]
[White "Prasad, Devaki V"]
[Black "Laxman, R.R."]
[Result "1/2-1/2"]
[WhiteTitle "IM"]
[BlackTitle "GM"]
[WhiteElo "2284"]
[BlackElo "2444"]
[WhiteFideId "5000050"]
[BlackFideId "5005361"]
[EventDate "2018.05.14"]

1. e4 e5 2. Nf3 Nc6 3. Bb5 Nf6 4. O-O Nxe4 5. Re1 Nd6 6. Nxe5 Nxe5 7. Rxe5+ Be7
8. Bf1 O-O 9. d4 Bf6 10. Re1 Re8 11. c3 Rxe1 12. Qxe1 Qe8 13. Qxe8+ Nxe8 14. Bf4
d5 15. Bd3 Be7 16. Nd2 Bd6 17. Re1 Be6 18. Bg3 Bxg3 19. hxg3 Nd6 20. f3 b6 21.
Kf2 g6 22. g4 Kg7 23. Re5 h6 24. Kg3 Re8 25. Kf2 c6 26. Ke1 f6 27. Re2 Kf7 28.
Nf1 f5 29. gxf5 Bxf5 30. Rxe8 Kxe8 31. Bxf5 Nxf5 32. g4 Nd6 33. Ng3 Ke7 34. Ke2
Kf6 35. f4 c5 36. dxc5 bxc5 37. b4 c4 38. a4 g5 39. Ke3 gxf4+ 40. Kxf4 Ke6 41.
b5 d4 42. cxd4 c3 43. Ke3 Nc4+ 44. Kd3 c2 45. Kxc2 Ne3+ 46. Kd3 Nxg4 47. a5 Nf6
48. Kc4 Kd7 1/2-1/2

[Event "3rd Kolkata GM Open 2018"]
[Site "Kolkata IND"]
[Date "2018.05.17"]
[Round "4.16"]
[White "Kushagra, Mohan"]
[Black "Sundararajan, Kidambi"]
[Result "1/2-1/2"]
[WhiteTitle "CM"]
[BlackTitle "GM"]
[WhiteElo "2256"]
[BlackElo "2434"]
[WhiteFideId "25033638"]
[BlackFideId "5005370"]
[EventDate "2018.05.14"]

1. e4 e6 2. d4 d5 3. Nc3 Nf6 4. Bg5 dxe4 5. Nxe4 Be7 6. Bxf6 Bxf6 7. Nf3 O-O 8.
Bc4 Nd7 9. c3 Be7 10. Qe2 c5 11. Rd1 cxd4 12. Nxd4 Qb6 13. O-O Ne5 14. Bb3 Bd7
15. Qh5 Ng6 16. Ng5 Bxg5 17. Qxg5 Rac8 18. Rd2 Rc5 19. Qe3 Rc7 20. Rfd1 Re8 21.
g3 Qc5 22. f4 b5 23. Nc2 Qxe3+ 24. Nxe3 Bc6 25. Nc2 Kf8 26. Nd4 Bd7 27. Nf5 Bc6
28. Nd4 Bd7 29. Nf5 Bc6 30. Nd4 Bd7 1/2-1/2

[Event "3rd Kolkata GM Open 2018"]
[Site "Kolkata IND"]
[Date "2018.05.17"]
[Round "4.17"]
[White "Karthikeyan, Murali"]
[Black "Srijit, Paul"]
[Result "1-0"]
[WhiteTitle "GM"]
[WhiteElo "2617"]
[BlackElo "2347"]
[WhiteFideId "5074452"]
[BlackFideId "5094798"]
[EventDate "2018.05.14"]

1. e4 c5 2. Nf3 Nc6 3. Nc3 Nf6 4. Bb5 g6 5. h3 Bg7 6. Bxc6 dxc6 7. d3 Qc7 8. Be3
b6 9. Qd2 e5 10. Bh6 O-O 11. g4 Be6 12. Ne2 c4 13. Bxg7 Kxg7 14. g5 Nd7 15. d4
exd4 16. Nfxd4 Nc5 17. O-O-O Kg8 18. f3 Rad8 19. h4 Qe5 20. Qe3 Rd6 21. h5 Bc8
22. Rd2 Ba6 23. Kb1 Re8 24. Nc3 Ne6 25. Nxe6 Qxe6 26. f4 Rxd2 27. Qxd2 Bb7 28.
Qh2 Kf8 29. hxg6 hxg6 30. a3 c5 31. Nd5 1-0

[Event "3rd Kolkata GM Open 2018"]
[Site "Kolkata IND"]
[Date "2018.05.17"]
[Round "4.18"]
[White "Gomes, Mary Ann"]
[Black "Nihal, Sarin"]
[Result "0-1"]
[WhiteTitle "WGM"]
[BlackTitle "IM"]
[WhiteElo "2290"]
[BlackElo "2551"]
[WhiteFideId "5013623"]
[BlackFideId "25092340"]
[EventDate "2018.05.14"]

1. c4 e5 2. Nc3 Nf6 3. g3 d5 4. cxd5 Nxd5 5. Bg2 Nb6 6. Nf3 Nc6 7. O-O Be7 8.
Rb1 a5 9. d3 O-O 10. Be3 Be6 11. Qd2 f5 12. Ng5 Bxg5 13. Bxg5 Qd7 14. Be3 Nd5
15. f4 exf4 16. Bxf4 Rae8 17. Rbc1 Rf7 18. b3 Nxc3 19. Rxc3 h6 20. h4 Bd5 21.
Bh3 Qe7 22. Re1 Nd4 23. Kf2 Ne6 24. h5 Qf6 25. Rcc1 Rfe7 26. e4 fxe4 27. Bxe6+
Qxe6 28. dxe4 Bxe4 29. Kg1 Qg4 30. Qe2 Bf3 31. Qc4+ Kh8 32. Rxe7 Rxe7 33. Qd3
Qxh5 34. Qd8+ Re8 35. Qh4 Qg6 36. Bxc7 Qd3 37. Rf1 Qe3+ 38. Rf2 Qc1+ 39. Rf1
Qc5+ 0-1

[Event "3rd Kolkata GM Open 2018"]
[Site "Kolkata IND"]
[Date "2018.05.17"]
[Round "4.19"]
[White "Vishnu Prasanna, V"]
[Black "Saurabh, Anand"]
[Result "1-0"]
[WhiteTitle "GM"]
[WhiteElo "2532"]
[BlackElo "2294"]
[WhiteFideId "5030692"]
[BlackFideId "5094496"]
[EventDate "2018.05.14"]

1. c4 e6 2. Nc3 d5 3. d4 Be7 4. Nf3 Nf6 5. e3 O-O 6. b3 c5 7. dxc5 Bxc5 8. Bb2
Nc6 9. Be2 b6 10. cxd5 Nxd5 11. Nxd5 Qxd5 12. Qxd5 exd5 13. O-O Bb7 14. Rfd1
Rfd8 15. a3 Rac8 16. h3 Bf8 17. b4 g6 18. Rd2 Bg7 19. Bxg7 Kxg7 20. Rad1 Ne7 21.
Nd4 a6 22. Rd3 Rd6 23. Kf1 f5 24. f4 Nc6 25. Nxc6 Bxc6 26. Rc3 Rdd8 27. Rdc1 Bb7
28. Rc7+ Kf6 29. g4 Re8 30. g5+ Ke6 31. e4 Rxc7 32. Rxc7 Re7 33. exf5+ gxf5 34.
Rxe7+ Kxe7 35. Bf3 Ke6 36. Ke2 Bc8 37. Kd3 Kd6 38. Kd4 Be6 39. h4 Bf7 40. h5 Be6
41. h6 Bf7 42. a4 Bg8 43. g6 hxg6 44. Bxd5 Bh7 45. b5 axb5 46. axb5 Ke7 47. Ke5
Kf8 48. Kf6 Bg8 49. Bxg8 Kxg8 50. Kxg6 Kh8 51. Kxf5 Kh7 52. Kg5 Kg8 53. Kg6 Kh8
54. f5 Kg8 55. Kf6 1-0

[Event "3rd Kolkata GM Open 2018"]
[Site "Kolkata IND"]
[Date "2018.05.17"]
[Round "4.20"]
[White "Jayakumaar, S"]
[Black "Deepan, Chakkravarthy J."]
[Result "0-1"]
[BlackTitle "GM"]
[WhiteElo "2276"]
[BlackElo "2516"]
[WhiteFideId "5090997"]
[BlackFideId "5011132"]
[EventDate "2018.05.14"]

1. e4 c5 2. Nf3 e6 3. d4 cxd4 4. Nxd4 Nc6 5. Nc3 Qc7 6. Be2 a6 7. a4 Bb4 8. O-O
Nge7 9. Nb3 b6 10. f4 d5 11. exd5 Bxc3 12. d6 Bd4+ 13. Nxd4 Qxd6 14. Bf3 Qd7 15.
Be3 Rb8 16. Nxc6 Nxc6 17. Qe1 O-O 18. Rd1 Qc7 19. Qc3 Bb7 20. b4 b5 21. Bd4 f6
22. a5 Rbc8 23. Bb6 Qxf4 24. Qe1 Qc4 25. Rd7 Ba8 26. Qg3 Rf7 27. Rfd1 Ne5 28.
Rd8+ Rf8 29. R8d4 Qxc2 30. Bxa8 Rxa8 31. Bc5 Rfe8 32. Rd6 h5 33. Rf1 Qg6 34. Qh3
Qg4 35. Qxg4 hxg4 36. Re1 Kf7 37. Bd4 Nc4 38. Rc6 e5 39. Bc5 Rec8 40. Rxc8 Rxc8
41. Rd1 Ke6 42. Kf2 f5 43. Kg3 f4+ 44. Kxg4 Rxc5 0-1

[Event "3rd Kolkata GM Open 2018"]
[Site "Kolkata IND"]
[Date "2018.05.18"]
[Round "5.1"]
[White "Rozum, Ivan"]
[Black "Sengupta, Deep"]
[Result "1-0"]
[WhiteTitle "GM"]
[BlackTitle "GM"]
[WhiteElo "2581"]
[BlackElo "2563"]
[WhiteFideId "24104272"]
[BlackFideId "5008352"]
[EventDate "2018.05.14"]

1. Nf3 d5 2. g3 Nf6 3. Bg2 c6 4. c4 dxc4 5. O-O Nbd7 6. Na3 Nb6 7. Ne5 Qd4 8.
Nexc4 Nxc4 9. Qa4 Bd7 10. Qxc4 Qxc4 11. Nxc4 Bg4 12. Re1 Nd5 13. a3 g6 14. b4
Bg7 15. Rb1 Be6 16. Na5 O-O-O 17. Bb2 Bxb2 18. Rxb2 Kb8 19. Rc1 Rc8 20. Nb3 Rc7
21. Nc5 Bc8 22. d4 Rd8 23. Rbc2 Nf6 24. e3 Ne8 25. a4 f6 26. Nb3 Be6 27. Na5 Bd5
28. Rc3 Bxg2 29. Kxg2 Rcc8 30. Nb3 Nc7 31. Nc5 Nd5 32. Rb3 Nc7 33. Nd3 Rd5 34.
Nf4 Rd6 35. h4 Re8 36. Nd3 e5 37. dxe5 fxe5 38. Rc2 Rd5 39. Nc5 a6 40. Ne4 Re7
41. Rc1 Na8 42. h5 gxh5 43. a5 Nc7 44. Rh1 Ne8 45. Rxh5 Rd1 46. Rh6 Kc7 47. Rb2
Rd5 48. Kf3 Rg7 49. Ke2 Nd6 50. Nc3 Rb5 51. Rb1 Nf5 52. Nxb5+ axb5 53. Rh5 Ne7
54. Rxe5 Nd5 55. Rb3 Rg4 56. e4 Kd6 57. f4 1-0

[Event "3rd Kolkata GM Open 2018"]
[Site "Kolkata IND"]
[Date "2018.05.18"]
[Round "5.2"]
[White "Lalith, Babu M R"]
[Black "Short, Nigel D"]
[Result "1/2-1/2"]
[WhiteTitle "GM"]
[BlackTitle "GM"]
[WhiteElo "2531"]
[BlackElo "2656"]
[WhiteFideId "5024595"]
[BlackFideId "400025"]
[EventDate "2018.05.14"]

1. Nf3 b6 2. d4 Bb7 3. g3 Nf6 4. Bg2 c5 5. c3 e6 6. O-O Be7 7. a4 cxd4 8. cxd4
Nc6 9. Ne5 d5 10. Nxc6 Bxc6 11. Nc3 O-O 12. Bg5 Qd7 13. Qd3 Rac8 14. Rfc1 h6 15.
Bxf6 Bxf6 16. e3 Be7 17. Bf1 Rc7 18. Qd1 Rfc8 19. Qb3 Qd8 20. Rd1 Rb8 21. Rdc1
Qc8 22. Nb5 Bxb5 23. Rxc7 Qxc7 24. axb5 Rb7 25. Bd3 Qd6 26. Rc1 Rc7 27. Rc3 Qd8
28. Qc2 Bd6 29. Rc6 Kf8 30. Rxc7 Qxc7 31. Qxc7 Bxc7 32. Kf1 1/2-1/2

[Event "3rd Kolkata GM Open 2018"]
[Site "Kolkata IND"]
[Date "2018.05.18"]
[Round "5.3"]
[White "Gupta, Abhijeet"]
[Black "Narayanan, Srinath"]
[Result "0-1"]
[WhiteTitle "GM"]
[BlackTitle "GM"]
[WhiteElo "2619"]
[BlackElo "2525"]
[WhiteFideId "5010608"]
[BlackFideId "5018420"]
[EventDate "2018.05.14"]

1. d4 Nf6 2. c4 e6 3. g3 d5 4. Bg2 dxc4 5. Nf3 Bb4+ 6. Bd2 a5 7. a3 Bd6 8. O-O
Nc6 9. Bg5 h6 10. Bxf6 Qxf6 11. Nc3 O-O 12. e3 e5 13. d5 Na7 14. Nd2 b5 15. a4
Bd7 16. Qc2 Qe7 17. Rfc1 f5 18. axb5 Nxb5 19. Nxb5 Bxb5 20. Nxc4 a4 21. Nxd6
cxd6 22. Ra3 Bd7 23. Rc3 Ra7 24. Qe2 Qd8 25. R1c2 Qb6 26. Bh3 Rb7 27. Qd1 Qa5
28. Rc6 Rf6 29. R6c4 Rf8 30. Rc6 Rf6 31. Bg2 f4 32. exf4 exf4 33. Be4 Rf8 34.
Kg2 a3 35. bxa3 Qxa3 36. R2c3 Qb4 37. R6c4 Qa5 38. Qh5 Bf5 39. Bf3 fxg3 40. hxg3
Rbf7 41. Re3 Bd7 42. Rd4 Qa1 43. Rb4 Rf5 44. Qg6 Rxf3 45. Rxf3 Rxf3 46. Rb7 Rf6
47. Rb8+ Rf8 48. Rxf8+ Kxf8 49. Qxd6+ Ke8 50. Qg6+ Ke7 51. d6+ Kf8 52. g4 Qf6
53. Qxf6+ gxf6 54. Kg3 Kg7 55. Kh4 Kg6 56. f4 f5 57. gxf5+ Bxf5 58. Kg3 Kh5 0-1

[Event "3rd Kolkata GM Open 2018"]
[Site "Kolkata IND"]
[Date "2018.05.18"]
[Round "5.4"]
[White "Amonatov, Farrukh"]
[Black "Nitin, S."]
[Result "1-0"]
[WhiteTitle "GM"]
[BlackTitle "IM"]
[WhiteElo "2608"]
[BlackElo "2432"]
[WhiteFideId "14700077"]
[BlackFideId "5018277"]
[EventDate "2018.05.14"]

1. e4 c5 2. Nc3 a6 3. b3 Nc6 4. Bb2 e6 5. Nf3 Qc7 6. Qe2 d6 7. O-O-O Nf6 8. d4
cxd4 9. Nxd4 Nxd4 10. Rxd4 Be7 11. h3 b5 12. f4 Nd7 13. Qd2 Bb7 14. g4 O-O 15.
Bg2 Nb6 16. Rd1 Rac8 17. Kb1 Rfd8 18. g5 d5 19. exd5 exd5 20. Ne2 a5 21. f5 a4
22. f6 Bf8 23. fxg7 Bxg7 24. Rh4 axb3 25. cxb3 Bxb2 26. Qxb2 d4 27. Bxb7 Qxb7
28. Rhxd4 Re8 29. Nf4 Qf3 30. Qg2 Qc3 31. g6 Re1 32. gxf7+ Kxf7 33. Qf2 Rxd1+
34. Rxd1 Qf6 35. Qe2 Rc5 36. Qe4 Qf5 37. Qxf5+ Rxf5 38. Rd4 h5 39. Kc2 Ke7 40.
Kd3 Nd7 41. Nd5+ Ke6 42. Nf4+ Ke7 43. Re4+ Kd6 44. Ke3 Nf6 45. Re6+ Kc5 46. b4+
Kc4 47. Rc6+ 1-0

[Event "3rd Kolkata GM Open 2018"]
[Site "Kolkata IND"]
[Date "2018.05.18"]
[Round "5.5"]
[White "Rahman, Ziaur"]
[Black "Sandipan, Chanda"]
[Result "1/2-1/2"]
[WhiteTitle "GM"]
[BlackTitle "GM"]
[WhiteElo "2495"]
[BlackElo "2573"]
[WhiteFideId "10200037"]
[BlackFideId "5004225"]
[EventDate "2018.05.14"]

1. Nf3 f5 2. d3 Nc6 3. d4 e6 4. g3 Nf6 5. Bg2 Be7 6. c4 O-O 7. O-O d6 8. d5 Ne5
9. Qb3 Nxf3+ 10. exf3 e5 11. f4 Nd7 12. Nc3 exf4 13. Bxf4 g5 14. Bd2 Nc5 15. Qd1
Bf6 16. f4 g4 17. Be3 a5 18. Bd4 Bd7 19. Re1 Bxd4+ 20. Qxd4 Qf6 21. Qxf6 Rxf6
22. Re3 Rff8 23. Rae1 Rfe8 24. Rxe8+ Rxe8 25. Rxe8+ Bxe8 26. Bf1 Kg7 27. Kf2 h5
28. Ke3 Kg6 29. h4 Kf6 30. Bd3 Bd7 1/2-1/2

[Event "3rd Kolkata GM Open 2018"]
[Site "Kolkata IND"]
[Date "2018.05.18"]
[Round "5.6"]
[White "Vignesh, N R"]
[Black "Tukhaev, Adam"]
[Result "0-1"]
[WhiteTitle "IM"]
[BlackTitle "GM"]
[WhiteElo "2485"]
[BlackElo "2551"]
[WhiteFideId "25012215"]
[BlackFideId "14109476"]
[EventDate "2018.05.14"]

1. e4 e5 2. Nf3 Nf6 3. Nxe5 d6 4. Nf3 Nxe4 5. Nc3 Nxc3 6. dxc3 Be7 7. Bf4 O-O 8.
Qd2 Nd7 9. O-O-O Nc5 10. Be3 Re8 11. Bc4 Be6 12. Bxe6 Nxe6 13. h4 c6 14. c4 Qc7
15. Nd4 Rad8 16. h5 Nxd4 17. Qxd4 Bf6 18. Qf4 h6 19. Rd3 Bg5 20. Qg3 Bxe3+ 21.
Rxe3 Qa5 22. a3 d5 23. Re5 Qc5 24. Rh4 dxc4 25. Rxe8+ Rxe8 26. Rg4 Qe5 27. Qxe5
Rxe5 28. Rxc4 Rxh5 29. Rf4 Rh2 30. g3 g5 31. Rf5 Kg7 32. Kd2 Kg6 33. Rf3 h5 34.
Ke2 h4 35. gxh4 Rxh4 36. Rd3 f6 37. Rd8 Re4+ 38. Kf3 Re7 39. Ra8 a6 40. Rb8 Kf5
41. a4 Rd7 42. b4 Ke5 43. Ke3 g4 44. c4 Kf5 45. Re8 Rd1 46. Ra8 Re1+ 47. Kd3 Re7
48. Rf8 Kg5 49. b5 axb5 50. cxb5 cxb5 51. a5 f5 52. Rd8 Kf4 53. Rd5 Re5 54. Rd7
b4 55. Rxb7 Rxa5 56. Rxb4+ Kf3 57. Rb2 Rd5+ 58. Kc3 f4 59. Kc4 Rd1 0-1

[Event "3rd Kolkata GM Open 2018"]
[Site "Kolkata IND"]
[Date "2018.05.18"]
[Round "5.8"]
[White "Raghunandan, Kaumandur Srihari"]
[Black "Karthikeyan, Murali"]
[Result "1/2-1/2"]
[WhiteTitle "IM"]
[BlackTitle "GM"]
[WhiteElo "2400"]
[BlackElo "2617"]
[WhiteFideId "25004964"]
[BlackFideId "5074452"]
[EventDate "2018.05.14"]

1. d4 Nf6 2. c4 e6 3. Nc3 d5 4. cxd5 exd5 5. Bg5 c6 6. e3 Nbd7 7. Bd3 Be7 8. Bf4
Nf8 9. h3 Ne6 10. Be5 O-O 11. Nf3 c5 12. dxc5 Nxc5 13. O-O Nfe4 14. Rc1 Bf5 15.
Bb1 Nxc3 16. Rxc3 Be4 17. Nd4 Bxb1 18. Qxb1 Ne4 19. Rd3 Qd7 20. Nf3 Qe6 21. Rfd1
Rfd8 22. b3 h5 23. Qb2 g5 24. Bc7 Rd7 25. Qe5 Bf6 26. Qxe6 fxe6 27. Bh2 Rf7 28.
Rc1 g4 29. hxg4 hxg4 30. Nd4 Nxf2 31. Kxf2 Bxd4+ 32. Ke2 Bg7 33. Bg3 Rd7 34. e4
Re8 35. e5 Bh8 36. Rd4 Rg7 37. Bf4 g3 38. Rc3 Rf8 39. Rxg3 Rxg3 40. Bxg3 Rf5 41.
Rg4+ Kf7 42. Rf4 Kg6 43. Rg4+ Rg5 44. Kf3 Rxg4 45. Kxg4 Bg7 46. Bh2 a6 47. Kf3
Bh6 48. Bg1 Bd2 49. Bd4 b5 50. g4 b4 51. Bc5 Bc3 52. Kf4 Bd2+ 53. Kf3 Kf7 54.
Bd6 Bc3 55. Kf4 Kg6 56. Bc5 d4 57. Ke4 Kg5 58. Bxd4 Bxd4 59. Kxd4 Kxg4 60. Kc5
Kf5 61. Kxb4 Kxe5 62. Kc5 Kf4 63. b4 e5 64. a4 e4 65. b5 axb5 66. axb5 e3 67. b6 1/2-1/2

[Event "3rd Kolkata GM Open 2018"]
[Site "Kolkata IND"]
[Date "2018.05.18"]
[Round "5.9"]
[White "Nihal, Sarin"]
[Black "Arjun, Kalyan"]
[Result "1-0"]
[WhiteTitle "IM"]
[WhiteElo "2551"]
[BlackElo "2383"]
[WhiteFideId "25092340"]
[BlackFideId "35018701"]
[EventDate "2018.05.14"]

1. d4 d5 2. c4 c6 3. Nf3 Nf6 4. Nc3 e6 5. Bg5 Nbd7 6. e3 Qa5 7. cxd5 Nxd5 8. Rc1
Bb4 9. a3 Bxc3+ 10. bxc3 Qxa3 11. Qd2 N5f6 12. Bd3 Qe7 13. e4 h6 14. Bh4 g5 15.
Bg3 Nh5 16. e5 b6 17. Qe2 Bb7 18. Nd2 Nxg3 19. fxg3 O-O-O 20. O-O f6 21. Ra1
fxe5 22. Rxa7 Kb8 23. Rfa1 exd4 24. cxd4 Qd6 25. Nb3 b5 26. Kh1 Kc7 27. Na5 Rb8
28. Rc1 Kb6 29. Rxb7+ Rxb7 30. Rxc6+ Qxc6 31. Nxc6 Rc8 32. Bxb5 Nb8 33. Qxe6 1-0

[Event "3rd Kolkata GM Open 2018"]
[Site "Kolkata IND"]
[Date "2018.05.18"]
[Round "5.10"]
[White "Siva, Mahadevan"]
[Black "Burmakin, Vladimir"]
[Result "0-1"]
[WhiteTitle "IM"]
[BlackTitle "GM"]
[WhiteElo "2364"]
[BlackElo "2528"]
[WhiteFideId "25043153"]
[BlackFideId "4105109"]
[EventDate "2018.05.14"]

1. e4 d5 2. exd5 Qxd5 3. Nc3 Qd6 4. d4 Nf6 5. Nf3 c6 6. Ne5 Be6 7. Bf4 Qd8 8.
Be2 g6 9. Qd2 Nbd7 10. O-O-O Bg7 11. h4 Qa5 12. Nc4 Bxc4 13. Bxc4 Nb6 14. Bb3
Nbd5 15. Nxd5 Qxd2+ 16. Bxd2 cxd5 17. Rhe1 e6 18. f3 O-O 19. a4 Rfc8 20. Kb1 Rc6
21. c3 Nd7 22. a5 b5 23. Bc2 Nf6 24. Bd3 a6 25. g3 Bf8 26. b4 Rac8 27. Kb2 Ne8
28. g4 Nd6 29. Re2 Be7 30. Be1 Nc4+ 31. Bxc4 Rxc4 32. Kb3 h6 33. Rd3 g5 34. h5
Bd6 35. Bd2 Kf8 36. Be1 Ke7 37. Bd2 Kd7 38. Be1 Rf8 39. Bd2 Rcc8 40. Be1 f5 41.
Rde3 Rf6 42. Bd2 Re8 43. Kc2 fxg4 44. fxg4 Rf4 45. Rg2 Ref8 46. Ree2 Rf3 47. Be1
R8f4 48. Bd2 Re4 49. Rxe4 dxe4 50. Re2 Bf4 51. Be1 Be3 52. c4 bxc4 53. Kc3 e5
54. dxe5 Ke6 55. Kxc4 Kxe5 56. Bc3+ Kf4 57. Kd5 Kxg4 58. Kxe4 Bf2 59. Be5 Rf7
60. b5 axb5 61. Rb2 Kxh5 62. Rxb5 Kg4 63. a6 h5 64. Rb7 Rf3 65. Rg7 Re3+ 66. Kd5
Ra3 67. Bf6 Be3 68. Ke4 Rxa6 69. Be7 Bf4 0-1

[Event "3rd Kolkata GM Open 2018"]
[Site "Kolkata IND"]
[Date "2018.05.18"]
[Round "5.11"]
[White "Rajdeep, Sarkar"]
[Black "Shyam, Sundar M."]
[Result "1/2-1/2"]
[WhiteTitle "FM"]
[BlackTitle "GM"]
[WhiteElo "2355"]
[BlackElo "2518"]
[WhiteFideId "25007963"]
[BlackFideId "5019141"]
[EventDate "2018.05.14"]

1. Nf3 d5 2. g3 g6 3. d4 Bg7 4. c4 dxc4 5. Bg2 c6 6. a4 Bg4 7. O-O Bxf3 8. Bxf3
Qxd4 9. Qc2 Na6 10. a5 Nf6 11. Rd1 Qe5 12. Qxc4 O-O 13. Nc3 Rfd8 14. Rxd8+ Rxd8
15. Bxc6 bxc6 16. Qxa6 Qh5 17. Kg2 Nd5 18. Nxd5 Qxd5+ 19. f3 Qd1 20. Qxa7 Qxe2+
21. Qf2 Qd1 22. Qf1 Qc2+ 23. Qf2 Qd1 24. Qf1 Qc2+ 25. Qf2 Qd1 26. Qf1 Qc2+ 27.
Qf2 Qd1 28. Qf1 Qc2+ 29. Qf2 Qd1 30. Qf1 Qc2+ 1/2-1/2

[Event "3rd Kolkata GM Open 2018"]
[Site "Kolkata IND"]
[Date "2018.05.18"]
[Round "5.12"]
[White "Deepan, Chakkravarthy J."]
[Black "Sekar, B"]
[Result "1-0"]
[WhiteTitle "GM"]
[WhiteElo "2516"]
[BlackElo "2304"]
[WhiteFideId "5011132"]
[BlackFideId "5043743"]
[EventDate "2018.05.14"]

1. e4 c5 2. Nf3 d6 3. d4 cxd4 4. Nxd4 Nf6 5. Nc3 a6 6. g3 e5 7. Nf3 Be7 8. Bg2
O-O 9. Nh4 g6 10. a4 Bg4 11. Nf3 Nc6 12. O-O Nd4 13. Be3 Nxf3+ 14. Bxf3 Be6 15.
a5 Rc8 16. Na4 Nd7 17. b3 Bg5 18. Bxg5 Qxg5 19. c4 Qd8 20. Qd2 Nc5 21. Qb4 Nxa4
22. Rxa4 Qc7 23. Rd1 Rfd8 24. h4 Rb8 25. Rda1 h5 26. Qd2 Qc8 27. Rb4 Bg4 28. Bg2
Rd7 29. Rb6 Qc5 30. Bf1 Rc8 31. b4 Qd4 32. Qxd4 exd4 33. b5 axb5 34. cxb5 Bf3
35. a6 Bxe4 36. Bg2 Bxg2 37. Kxg2 bxa6 38. bxa6 Kg7 39. Kf3 d5 40. Ke2 Rdc7 41.
Kd3 Rc1 42. Rxc1 Rxc1 43. Kxd4 Rd1+ 44. Kc5 d4 45. Rb2 Ra1 46. Kb6 d3 47. a7 1-0